000 00650cam a2200253 i 4500
005 20260322212014.0
008 data
010 _a 80017270
020 _a0898792193
020 _a9780898792195
040 _aDLC
_cDLC
_dDLC
050 0 0 _aPE1509
_b.J47 1980
082 0 0 _a808.1
_219
092 _a808.1 J47 1980
100 1 _aJerome, Judson.
245 1 4 _aThe poet's handbook /
_cJudson Jerome.
250 _a1st ed.
260 _aCincinnati, Ohio :
_bWriter's Digest Books,
_cc1980.
300 _a224 p. ;
_c21 cm.
500 _aIncludes indexes.
650 0 _aEnglish language
_xVersification.
650 0 _aPoetry
_xAuthorship.
001 data
999 _c299
_d299